Statistics for Cheese... or Italian Painter?

Click here to take the quiz!

General Stats

  • This quiz has been taken 18,871 times
  • The average score is 12 of 15

Answer Stats

QuestionAnswer% Correct
RicottaCheese
99%
MozzarellaCheese
99%
MichelangeloPainter
99%
MascarponeCheese
93%
GorgonzolaCheese
93%
CaravaggioPainter
89%
BotticelliPainter
89%
TitianPainter
86%
PecorinoCheese
81%
BurrataCheese
80%
StracciatellaCheese
79%
TintorettoPainter
71%
GiorgionePainter
68%
GiottoPainter
60%
AsiagoCheese
58%

Score Distribution

Percentile by Number Answered

Percent of People with Each Score

Your Score History

You have not taken this quiz